00763nam a2200205 a 450000100100000000500170001000800410002702000150006804000250008308200150010810000280012324501060015126000470025730000280030450400320033270000220036470000410038695201130042799900170054000003545820200930074345.0111101s1990 sp a 000 0 spa d a8487598021 aDO-SdBNPbspacBNPHU axxxxbxxxx1 aGrinberg, Jacobo96131013aLa creación de la experiencia /cJacobo Grinberg, Zylberbaum ; traducción Eduardo Roselló Toca. aMadrid, :bLos libros del comienzo,c1990. a215 p. :bil. ;c21 cm. aBibliografía : p. 211-2151 aZylberbaum9613111 aRoselló toca, Eduardo,etr.961312 001050718MOaGRbGRcHDd2011-11-01iLF1l0oxxxx xxxxp35458-10r2020-06-25w2020-06-25y1ZNo se presta c34949d34949